Filmy Stanisława Barei - Statystyki

Ogólne statystyki
  • Ten quiz został rozwiązany 99 razy
  • Średni wynik to 4 z 13
Statystyki odpowiedzi
Hint Odpowiedź % Poprawnych
1980 Miś
95%
1972 Poszukiwany poszukiwana
62%
1976 Brunet wieczorowa porą
60%
1978 Co mi zrobisz jak mnie złapiesz
55%
1974 Nie ma róży bez ognia
46%
1963 Żona dla Australijczyka
27%
1960 Mąż swojej żony
18%
1975 Niespotykanie spokojny człowiek
18%
1966 Małżeństwo z rozsądku
17%
1968 Przygoda z piosenką
14%
1961 Dotknięcie nocy
11%
1953 Drugie sumienie
7%
1958 Trochę słońca
7%
Nie znaleziono quizów pasujących do podanych kryteriów
Rozkład punktacji
Procent ludzi z każdym wynikiem
Percentyl według liczby udzielonych odpowiedzi
Twoja historia wyników
Nie rozwiązałeś tego quizu